000 00569nam a2200217 a 4500
001 BRCA_5899
005 20190320205245.0
008 170311s180?----gw-#######---#000-0#ger-#
041 _ager
044 _agw
050 4 _aPT2374
_b.S7
100 1 _aKeller, Gottfried.
_d1819-1890
_914920
245 1 0 _aDas Sinngedicht
_cGottfried Keller.
260 _aLeipzig
_bP. Reclam.
_c180?
300 _a364 p.
_c16 cm.
440 0 _aReclams universal Bibliothek
_v6193-6196
_914921
500 _aH140
650 1 4 _aLiteratura Suiza.
_914922
902 _aGFM
942 _2lcc
_cB
999 _c5588
_d5588